El manantial de Israel. Historia del pueblo judío en la tierra de Israel, desde los albores de la civilización
I tiakina i:
| Kaituhi matua: | |
|---|---|
| Hōputu: | Pukapuka |
| Reo: | Pāniora |
| I whakaputaina: |
Buenos Aires
Selectas
1965
|
| Ngā marau: | |
| Ngā Tūtohu: |
Tāpirihia he Tūtohu
Kāore He Tūtohu, Me noho koe te mea tuatahi ki te tūtohu i tēnei pūkete!
|
MARC
| LEADER | 00000nam a2200000 a 4500 | ||
|---|---|---|---|
| 001 | UCI4389 | ||
| 003 | CL-VaPUC | ||
| 008 | 080118e19650000AG |||||||||||||||||spa|d | ||
| 082 | 0 | 4 | |a 813 |b MIC |2 21 |
| 100 | |a Michener, James A. |e autor |9 526288 | ||
| 245 | 1 | 3 | |a El manantial de Israel. Historia del pueblo judío en la tierra de Israel, desde los albores de la civilización |
| 300 | |a 751 p | ||
| 942 | |c BK | ||
| 945 | |d 20080118 00:00:00 |a rbrito | ||
| 260 | |a Buenos Aires |b Selectas |c 1965 | ||
| 500 | |a Donación Padres Capuchinos | ||
| 650 | 0 | |a Novelas estadounidenses |9 265217 | |
| 650 | 7 | |a HISTORIA DE ISRAEL |2 CL-VaPUC |9 438902 | |
| 651 | 0 | |a Israel |9 314378 | |
| 583 | |a last modification |c 20080118 00:00:00 |k Rodrigo Vera | ||
| 999 | |c 328331 |d 328329 | ||
| 952 | |0 0 |1 0 |4 0 |6 813_000000000000000_MIC_1965 |7 0 |8 X |9 412195 |a FDOBUD |b FDOBUD |d 2019-11-22 |i 4402626 |o 813 MIC 1965 |p 4402626 |r 2019-11-22 |w 2019-11-22 |y BK_X |k BUD | ||